000
00318nam a2200109Ia 4500
001
1286762
005
20260417164403.0
008
260417s9999 xx 000 0 und d
020
_a
9786258317879
245
0
_a
Hayvanlar Aleminden Masallar - 3 Minik Serçe'nin Başarısı
_c
Yasemin Katı
260
_b
Beyan Yayınları
999
_c
1286762
_d
1286762